The saint dismiss'd from earth, and sent to rest. A sermon on occasion of the death of the late Reverend Mr. William Bushnell, preached in Maid-Lane in Southwark, May 27, 1744. By Ob. Hughes, D.D.

Bibliographic Details
Main Author: Hughes, Obadiah, 1695-1751
Format: eBook
Language:English
Series:Eighteenth century collections online.
Online Access:Full text online

MARC

Tag First Indicator Second Indicator Subfields
LEADER 00000cam a2200000 4500
001 in00001982938
006 m | d |
007 cr |n||||||||n
008 791208s1744 enk|||| s 00||||eng d
005 20260406212612.7
035 |a (CStRLIN)ESTCT74242 
040 |a Uk-ES  |c Uk-ES  |d CStRLIN  |d Thomson Gale  |d UtOrBLW 
100 1 |a Hughes, Obadiah,  |d 1695-1751. 
245 1 4 |a The saint dismiss'd from earth, and sent to rest. A sermon on occasion of the death of the late Reverend Mr. William Bushnell, preached in Maid-Lane in Southwark, May 27, 1744. By Ob. Hughes, D.D. 
264 3 |a London :  |b printed and sold by M. Fenner,  |c 1744. 
300 |a 46, 2 unnumbered pages ;  |c 8⁰. 
336 |a text  |b txt  |2 rdacontent 
337 |a computer  |b c  |2 rdamedia 
338 |a online resource  |b cr  |2 rdacarrier 
500 |a The "b" of "Ob" is printed inside the "O". 
500 |a Reproduction of original from the British Library. 
510 4 |a English Short Title Catalog,  |c ESTCT74242. 
533 |a Electronic reproduction.  |b Farmington Hills, Mich. :  |c Thomson Gale,  |d 2003.  |n Available via the World Wide Web.  |n Access limited by licensing agreements  |7 s2003 miunns 
500 |a Electronic resource. 
830 0 |a Eighteenth century collections online. 
856 4 0 |u http://proxy.library.tamu.edu/login?url=https://galenet.galegroup.com/servlet/ECCO?c=1&stp=Author&ste=11&af=BN&ae=T074242&tiPG=1&dd=0&dc=flc&docNum=CW121017305&vrsn=1.0&srchtp=a&d4=0.33&n=10&SU=0LRF&locID=txshracd2898  |z Full text online  |t 0 
999 |a MARS 
999 f f |s fc1ebead-8e07-3bc1-b1e9-0d00a66b9351  |i 0416e6fd-be36-3072-aad7-29a84ff7cc82  |t 0 
952 f f |a Texas A&M University  |b College Station  |c Electronic Resources  |s www_evans  |d Available Online  |t 0  |h No information provided 
998 f f |t 0  |l Available Online